| 000 | 00928nam a2200253 4500 | ||
|---|---|---|---|
| 001 | 120975 | ||
| 003 | ES-MaACL | ||
| 005 | 20250630032907.0 | ||
| 007 | t| | ||
| 008 | 070214s1981 sp r ||||1| spa d | ||
| 020 | _a84-500-4823-0 | ||
| 245 | 0 | 4 |
_aLos precios del aceite de oliva en España, 1891-1916 / _cGrupo de Estudios de Historia Rural, Domingo Gallego Martínez... [et al.]. |
| 260 |
_aMadrid : _bBanco de España, Servicio de Estudios, _c1981. |
||
| 300 |
_a125 p. : _bgráf. ; _c24 cm. |
||
| 490 | 1 |
_aEstudios de historia económica ; _v4 |
|
| 504 | _aBibliografía: p. 123-125. | ||
| 650 | 4 |
_aAceite de oliva- _zEspaña. _9171212 |
|
| 700 | 1 |
_aGallego Martínez, Domingo. _9171214 |
|
| 710 | 2 |
_aGrupo de Estudios de Historia Rural. _94512 |
|
| 710 | 2 | 0 |
_aBanco de España _92104 |
| 830 | 1 |
_aEstudios de historia económica ; _v4 _9179607 |
|
| 852 |
_aES-MaACL _jL-1393 |
||
| 999 |
_c120975 _d120975 |
||